书目信息 |
| 题名: |
经济与管理类毕业论文写作导论
|
|
| 作者: | 冯光明 , 蔡运记 , 冯靖雯 编著 | |
| 分册: | ||
| 出版信息: | 北京 清华大学出版社 2013.08 |
|
| 页数: | 337页 | |
| 开本: | 23cm | |
| 丛书名: | ||
| 单 册: | ||
| 中图分类: | G642.477 | |
| 科图分类: | ||
| 主题词: | 经济学--毕业论文--写作--高等学校--教材 , 管理学--毕业论文--写作--高等学校--教材 , 经济学 , 毕业论文 , 写作 , 管理学 | |
| 电子资源: | ||
| ISBN: | 978-7-302-32834-6 | |
| 000 | 01088nam0 2200313 450 | |
| 001 | 0103152656 | |
| 005 | 20201103152732.0 | |
| 010 | @a978-7-302-32834-6@dCNY55.00 | |
| 100 | @a20140429e20202013em y0chiy50 ea | |
| 101 | 0 | @achi |
| 102 | @aCN@b110000 | |
| 105 | @ay z 000yy | |
| 106 | @ar | |
| 200 | 1 | @a经济与管理类毕业论文写作导论@Ajing ji yu guan li lei bi ye lun wen xie zuo dao lun@f冯光明, 蔡运记, 冯靖雯编著 |
| 210 | @a北京@c清华大学出版社@d2013.08@h2020.07 | |
| 215 | @a337页@d23cm | |
| 330 | @a本书共分11章,内容包括:毕业论文概述、毕业论文的选题、毕业论文研究方法、材料的获取与整理、毕业论文的结构设计、毕业论文的格式与撰写等。 | |
| 606 | 0 | @a经济学@x毕业论文@x写作@x高等学校@j教材 |
| 606 | 0 | @a管理学@x毕业论文@x写作@x高等学校@j教材 |
| 606 | 0 | @a经济学 |
| 606 | 0 | @a毕业论文 |
| 606 | 0 | @a写作 |
| 606 | 0 | @a管理学 |
| 690 | @aG642.477@v5 | |
| 701 | 0 | @a冯光明@Afeng guang ming@4编著 |
| 701 | 0 | @a蔡运记@Acai yun ji@4编著 |
| 701 | 0 | @a冯靖雯@Afeng jing wen@c(女,@f1971~)@4编著 |
| 801 | 0 | @aCN@bBJSZM@c20201103 |
| 905 | @b1257216-20@dG642.477@e1729@f5 | |
| 经济与管理类毕业论文写作导论/冯光明, 蔡运记, 冯靖雯编著.-北京:清华大学出版社,2013.08(2020.07) |
| 337页;23cm |
| ISBN 978-7-302-32834-6:CNY55.00 |
| 本书共分11章,内容包括:毕业论文概述、毕业论文的选题、毕业论文研究方法、材料的获取与整理、毕业论文的结构设计、毕业论文的格式与撰写等。 |
| ● |
| 相关链接 |
|
|
|
|
正题名:经济与管理类毕业论文写作导论
索取号:G642.477/1729
 
预约/预借
| 序号 | 登录号 | 条形码 | 馆藏地/架位号 | 状态 | 备注 |
| 1 | 1257216 | 212572161 | 第一样本阅览室/ [索取号:G642.477/1729] | 在馆 | |
| 2 | 1257217 | 212572170 | 教育系资料室/ [索取号:G642.477/1729] | 在馆 | |
| 3 | 1257218 | 212572189 | 教育系资料室/ [索取号:G642.477/1729] | 在馆 | |
| 4 | 1257219 | 212572198 | 第四借阅区/ [索取号:G642.477/1729] | 在馆 | |
| 5 | 1257220 | 212572205 | 第四借阅区/ [索取号:G642.477/1729] | 在馆 |